[Event "SR 3. liga A2 2013/2014"]
[Site "?"]
[Date "2014.02.16"]
[Round "9.4"]
[White "Skapik, Branislav"]
[Black "Curidlo, Jan"]
[Result "0-1"]
[WhiteElo "1841"]
[BlackElo "1852"]
[PlyCount "64"]
[EventDate "2013.??.??"]

1. Nf3 d5 2. d4 Nf6 3. g3 e6 4. Bg2 Bd6 5. Nbd2 Nbd7 6. c4 c6 7. c5 Be7 8. O-O
b6 9. b4 a5 10. bxa5 bxc5 11. Qc2 c4 12. e4 O-O 13. e5 Ne8 14. h4 f5 15. Ng5
Bxg5 16. hxg5 Qxa5 17. Nxc4 dxc4 18. Bxc6 Rb8 19. Qxc4 Nb6 20. Qb3 Nc7 21. Ba3
Nd7 22. Qd3 Ba6 23. Qf3 Bxf1 24. Bxf8 Nxf8 25. Kxf1 Rb4 26. Qd3 Qb6 27. d5 Rd4
28. Qb3 Qa6+ 29. Kg2 Nxd5 30. Rc1 Qe2 31. Qb8 Ne3+ 32. Kg1 Rd2 0-1

[Event "SR 3. liga A2 2013/2014"]
[Site "?"]
[Date "2014.02.16"]
[Round "9.5"]
[White "Jozefek, Michal"]
[Black "Sekera, Branislav"]
[Result "0-1"]
[WhiteElo "2168"]
[BlackElo "2171"]
[PlyCount "62"]
[EventDate "2013.??.??"]

1. d4 d5 2. c4 e5 3. dxe5 d4 4. Nf3 Nc6 5. a3 Nge7 6. e3 Bg4 7. e6 fxe6 8. Be2
Bxf3 9. Bxf3 Qd6 10. O-O O-O-O 11. exd4 Nxd4 12. Be3 Nef5 13. Nc3 Nxe3 14. fxe3
Nf5 15. Qe2 Qb6 16. Rfe1 Qb3 17. Kh1 h5 18. Be4 g6 19. Nb5 Bg7 20. Rab1 a6 21.
Bc2 Qa2 22. Nc3 Bxc3 23. bxc3 Qxa3 24. Qf3 Nd6 25. Be4 b6 26. Bxg6 Qc5 27. Qh3
Qxc4 28. Rb4 Qxc3 29. Qxe6+ Kb8 30. Reb1 Rhf8 31. h3 Qc5 0-1

[Event "SR 3. liga A2 2013/2014"]
[Site "?"]
[Date "2014.02.16"]
[Round "9.5"]
[White "Kavon, Rastislav"]
[Black "Berger, Patrik"]
[Result "1-0"]
[WhiteElo "2026"]
[BlackElo "1924"]
[PlyCount "49"]
[EventDate "2013.??.??"]

1. e4 c5 2. Nf3 d6 3. d4 cxd4 4. Nxd4 a6 5. Be3 Nf6 6. Nc3 e5 7. Nb3 Be6 8. h3
Be7 9. Qf3 O-O 10. O-O-O a5 11. Na4 Nbd7 12. g4 Qb8 13. Bb5 Rd8 14. g5 Ne8 15.
h4 Nc7 16. Bxd7 Bxd7 17. Nb6 Ra6 18. Nxd7 Rxd7 19. Nc5 Rd8 20. Nxa6 bxa6 21. h5
Qb4 22. g6 fxg6 23. hxg6 hxg6 24. Bd2 Qc4 25. Qb3 1-0

[Event "SR 3. liga A2 2013/2014"]
[Site "?"]
[Date "2014.02.16"]
[Round "9.5"]
[White "Brisudova, Veronika"]
[Black "Jablonicky, Martin"]
[Result "1/2-1/2"]
[WhiteElo "1896"]
[BlackElo "1967"]
[PlyCount "68"]
[EventDate "2013.??.??"]

1. e4 c6 2. Nf3 g6 3. Bc4 d5 4. exd5 cxd5 5. Bb3 Nc6 6. O-O Bg7 7. h3 Nf6 8. d4
O-O 9. c3 Ne4 10. Nbd2 f5 11. Re1 Kh8 12. Nf1 Be6 13. Ng5 Bg8 14. f3 Nxg5 15.
Bxg5 h6 16. Bd2 e5 17. dxe5 f4 18. e6 Ne5 19. e7 Qxe7 20. Bc2 Rad8 21. Kh1 Qg5
22. Re2 d4 23. cxd4 Rxd4 24. Qe1 Bc4 25. Bc3 Rd5 26. Re4 Bd3 27. Bxd3 Nxd3 28.
Bxg7+ Kxg7 29. Qe2 Rf7 30. Kh2 Nc5 31. Re8 Nd7 32. Re1 Nf6 33. Re7 Rd7 34. Re5
Qh4 1/2-1/2

[Event "SR 3. liga A2 2013/2014"]
[Site "?"]
[Date "2014.02.16"]
[Round "9.5"]
[White "Jablonicky, Frantisek"]
[Black "Kubis, Ivan"]
[Result "1/2-1/2"]
[WhiteElo "2146"]
[BlackElo "1992"]
[PlyCount "28"]
[EventDate "2013.??.??"]

1. Nf3 Nf6 2. d4 e6 3. c4 b6 4. a3 Bb7 5. Nc3 d5 6. cxd5 Nxd5 7. Bg5 Be7 8.
Bxe7 Qxe7 9. Rc1 O-O 10. Qc2 Nd7 11. Nxd5 exd5 12. e3 c5 13. Bd3 g6 14. O-O c4
1/2-1/2

[Event "SR 3. liga A2 2013/2014"]
[Site "?"]
[Date "2014.02.16"]
[Round "9.5"]
[White "Hrubsa, Marian"]
[Black "Kucharek, Jaroslav"]
[Result "1/2-1/2"]
[WhiteElo "1801"]
[BlackElo "2074"]
[PlyCount "68"]
[EventDate "2013.??.??"]

1. e4 e5 2. Nf3 Nc6 3. Bb5 a6 4. Bxc6 dxc6 5. O-O f6 6. d3 Bd6 7. Be3 Ne7 8.
Nbd2 Be6 9. c3 Ng6 10. Nc4 Bxc4 11. dxc4 Qe7 12. Qb3 O-O-O 13. Qc2 Bc5 14. Bd2
Qe6 15. b4 Be7 16. c5 Kd7 17. Be3 Ke8 18. a4 Kf7 19. Nd2 Nh4 20. Qb3 g5 21.
Qxe6+ Kxe6 22. Nc4 f5 23. f3 Rd3 24. Bf2 Bf6 25. Na5 Rb8 26. Rac1 Ng6 27. Rfd1
fxe4 28. fxe4 Rxd1+ 29. Rxd1 Ne7 30. Nc4 h5 31. g3 Nc8 32. Na5 Ne7 33. Nc4 Nc8
34. Na5 Ne7 1/2-1/2

[Event "SR 3. liga A2 2013/2014"]
[Site "?"]
[Date "2014.02.16"]
[Round "9.5"]
[White "Jakubec, Milan"]
[Black "Vach, Jozef"]
[Result "1-0"]
[WhiteElo "2084"]
[BlackElo "1799"]
[PlyCount "99"]
[EventDate "2013.??.??"]

1. e4 e5 2. Nf3 Nc6 3. Bc4 Be7 4. O-O Nf6 5. Re1 O-O 6. d4 d6 7. d5 Nb8 8. Bd3
Bg4 9. h3 Bh5 10. c4 Nbd7 11. Nc3 h6 12. b4 a5 13. b5 Nc5 14. Bc2 b6 15. Na4
Nxa4 16. Bxa4 Nd7 17. Bc2 Bg6 18. g4 Nf6 19. Nh4 Nh7 20. Ng2 Bg5 21. f4 exf4
22. Nxf4 Qf6 23. Nxg6 fxg6 24. Qe2 Qxa1 25. Bxg5 Qe5 26. Bh4 Rf7 27. Kg2 Raf8
28. Bg3 Qf6 29. e5 dxe5 30. Qxe5 Qxe5 31. Rxe5 Rf6 32. Re7 R8f7 33. Rxc7 Rxc7
34. Bxc7 Nf8 35. c5 bxc5 36. b6 Nd7 37. b7 Rf8 38. Ba4 Nb8 39. Bd6 Rd8 40. Be7
Rf8 41. Bxc5 Rf4 42. Bb5 Rf7 43. Bc6 Na6 44. Bd6 Rf8 45. Bb5 Nb8 46. Bc7 Kf7
47. Kf3 Ke7+ 48. Ke4 h5 49. Ke5 Rd8 50. d6+ 1-0

[Event "SR 3. liga A2 2013/2014"]
[Site "?"]
[Date "2014.02.16"]
[Round "9.5"]
[White "Vogl, Zdenek"]
[Black "Lukac, Tomas"]
[Result "1/2-1/2"]
[WhiteElo "1899"]
[BlackElo "2016"]
[PlyCount "82"]
[EventDate "2013.??.??"]

1. e4 c5 2. Nf3 Nc6 3. d4 cxd4 4. Nxd4 Nf6 5. Nc3 e5 6. Nxc6 bxc6 7. Bd3 Bc5 8.
O-O O-O 9. Bg5 Rb8 10. Rb1 Be7 11. Kh1 Qc7 12. h3 d6 13. Ne2 d5 14. Bxf6 Bxf6
15. c3 Rd8 16. Qc2 h6 17. Ng3 Be6 18. b3 Bh4 19. Rbd1 Bxg3 20. fxg3 d4 21. Rf3
Qa5 22. cxd4 Rxd4 23. Rdf1 Rbd8 24. Bc4 Rd2 25. Qc1 Qxa2 26. Rg1 Rc2 27. Bxe6
Rxc1 28. Bxf7+ Kh7 29. Rxc1 Rd6 30. Rfc3 Qf2 31. Bh5 g6 32. Bf3 h5 33. Rc5 Qxg3
34. Ra5 Rf6 35. Rxa7+ Kh6 36. Rf1 Kg5 37. Ra6 h4 38. Ra4 Rd6 39. Rc4 Rf6 40.
Rc5 Kh6 41. Rc2 Kg5 1/2-1/2

[Event "SR 3. liga A2 2013/2014"]
[Site "?"]
[Date "2014.02.16"]
[Round "9.5"]
[White "Hirmajer, Jan"]
[Black "Harastova, Viera"]
[Result "1-0"]
[WhiteElo "1957"]
[BlackElo "1877"]
[PlyCount "137"]
[EventDate "2013.??.??"]

1. c4 e5 2. Nc3 Nf6 3. Nf3 Nc6 4. g3 d6 5. Bg2 g6 6. d3 Bg7 7. Bg5 Be6 8. Ne4
h6 9. Bxf6 Bxf6 10. Nxf6+ Qxf6 11. Nd2 Qe7 12. Qb3 Bc8 13. e3 f5 14. O-O Nd8
15. Rac1 c6 16. Qc3 Nf7 17. b4 O-O 18. b5 Bd7 19. a4 Ng5 20. Nf3 Nxf3+ 21. Bxf3
Rac8 22. Qa3 e4 23. Bg2 Rf6 24. dxe4 fxe4 25. Rcd1 Bg4 26. Rd2 Qe6 27. Qb4 Rcf8
28. bxc6 bxc6 29. Qc3 Bf3 30. Qd4 R8f7 31. Rb1 h5 32. Rb8+ Kh7 33. Bxf3 exf3
34. Qd3 Qh3 35. Qf1 Qd7 36. h4 Re7 37. Kh2 c5 38. Qa1 Qe6 39. Rd5 Rg7 40. Qb1
Rf5 41. Rxf5 gxf5 42. a5 d5 43. cxd5 Qxd5 44. a6 c4 45. Rb7 Qd3 46. Rxg7+ Kxg7
47. Qb7+ Kg6 48. Qxa7 Qe2 49. Qb6+ Kf7 50. Qb7+ Ke6 51. Qc6+ Ke5 52. Qe8+ Kd5
53. Qa8+ Kc5 54. Qa7+ Kb4 55. Qb6+ Kc3 56. e4 Qf1 57. Qe3+ Kb2 58. Qxf3 c3 59.
a7 fxe4 60. Qf5 Qa1 61. Qb5+ Kc2 62. Qb7 Qe1 63. Kg2 Qe2 64. a8=Q Qf3+ 65. Kg1
Qd1+ 66. Kh2 Qf3 67. Qxe4+ Qxe4 68. Qxe4+ Kd2 69. f4 1-0

[Event "SR 3. liga A2 2013/2014"]
[Site "?"]
[Date "2014.02.16"]
[Round "9.6"]
[White "Liptak, Tomas"]
[Black "Veselsky, Jozef"]
[Result "1-0"]
[WhiteElo "2108"]
[BlackElo "2160"]
[PlyCount "45"]
[EventDate "2013.??.??"]

1. e4 c5 2. Nf3 Nc6 3. d4 cxd4 4. Nxd4 g6 5. Nc3 Bg7 6. Be3 d6 7. Qd2 Nf6 8. f3
a6 9. O-O-O Bd7 10. g4 O-O 11. h4 b5 12. h5 Ne5 13. Nd5 Nfxg4 14. fxg4 Bxg4 15.
Be2 e6 16. Bg5 f6 17. Bxg4 exd5 18. Be6+ Nf7 19. hxg6 fxg5 20. gxf7+ Rxf7 21.
Rdf1 Raa7 22. Nc6 Qe8 23. Qxd5 1-0

[Event "SR 3. liga A2 2013/2014"]
[Site "?"]
[Date "2014.02.16"]
[Round "9.6"]
[White "Kocak, Branislav"]
[Black "Liptak, Dusan"]
[Result "1/2-1/2"]
[WhiteElo "1912"]
[BlackElo "2108"]
[PlyCount "31"]
[EventDate "2013.??.??"]

1. d4 g6 2. Nf3 Bg7 3. Bf4 d6 4. e3 Nd7 5. Bc4 h6 6. c3 e5 7. Bg3 Qe7 8. Qc2
Ngf6 9. dxe5 dxe5 10. h3 c6 11. a4 e4 12. Nd4 Nd5 13. Be2 O-O 14. Nd2 c5 15.
Nb5 b6 16. Nc4 1/2-1/2

[Event "SR 3. liga A2 2013/2014"]
[Site "?"]
[Date "2014.02.16"]
[Round "9.6"]
[White "Kovacocy, Pavel"]
[Black "Jozefovic, Milan"]
[Result "1-0"]
[WhiteElo "2198"]
[BlackElo "1900"]
[PlyCount "91"]
[EventDate "2013.??.??"]

1. e4 e5 2. Nf3 d6 3. Bc4 Be7 4. c3 Nd7 5. a4 Nc5 6. d3 Be6 7. Nbd2 a5 8. O-O
Nf6 9. Qc2 Bxc4 10. Nxc4 O-O 11. Re1 Re8 12. h3 Qd7 13. Be3 Ne6 14. Rad1 b5 15.
axb5 Qxb5 16. Ra1 Ra6 17. Qa4 Rb8 18. b4 d5 19. exd5 Nxd5 20. Qxb5 Rxb5 21. Bd2
f6 22. Nxa5 Ndf4 23. c4 Rb8 24. b5 Raa8 25. Nc6 Rxa1 26. Rxa1 Re8 27. Nxe7+
Rxe7 28. Bxf4 Nxf4 29. Ne1 Rd7 30. Ra7 Rf7 31. h4 Ne2+ 32. Kf1 Nd4 33. g3 Kf8
34. Ng2 Ke8 35. Ne3 Kd8 36. Nd5 Ne6 37. Nb4 Rd7 38. Ke2 Ke7 39. Kd2 e4 40. Nd5+
Kd6 41. dxe4 Ke5 42. Ke3 g5 43. f4+ gxf4+ 44. gxf4+ Nxf4 45. Nxf4 f5 46. Nd3+
1-0

[Event "SR 3. liga A2 2013/2014"]
[Site "?"]
[Date "2014.02.16"]
[Round "9.6"]
[White "Brunovsky, Peter"]
[Black "Cechovic, Stefan"]
[Result "0-1"]
[WhiteElo "1829"]
[BlackElo "2140"]
[PlyCount "68"]
[EventDate "2013.??.??"]

1. d4 Nf6 2. Nf3 e6 3. Bf4 b6 4. e3 Bb7 5. Bd3 d5 6. O-O Bd6 7. Bg5 Nbd7 8.
Nbd2 h6 9. Bh4 g5 10. Bg3 Bxg3 11. hxg3 Qe7 12. c3 Kf8 13. Re1 Ne4 14. Nh2 h5
15. Ndf1 f5 16. f3 Nd6 17. Nd2 Nf6 18. Qc2 g4 19. e4 dxe4 20. fxe4 Nfxe4 21.
Nxe4 Nxe4 22. Bxe4 Bxe4 23. Rxe4 fxe4 24. Qxe4 Kg7 25. Nxg4 hxg4 26. Rf1 Raf8
27. Qxg4+ Kh6 28. Re1 Rf6 29. Re5 Rg6 30. Qe4 Rf8 31. g4 Kg7 32. g5 Qf7 33. Qe1
Qf4 34. g3 Rxg5 0-1

[Event "SR 3. liga A2 2013/2014"]
[Site "?"]
[Date "2014.02.16"]
[Round "9.6"]
[White "Sarmir, Milos"]
[Black "Zajicek, Ferdinand"]
[Result "1-0"]
[WhiteElo "2075"]
[BlackElo "1823"]
[PlyCount "51"]
[EventDate "2013.??.??"]

1. Nf3 c5 2. c4 d6 3. Nc3 Nf6 4. g3 g6 5. Bg2 Bg7 6. O-O O-O 7. e3 Nc6 8. Qe2
Bd7 9. d4 cxd4 10. exd4 Re8 11. d5 Na5 12. Be3 b6 13. Rac1 Rc8 14. b3 Rc7 15.
Nd4 Qc8 16. Ncb5 Bxb5 17. Nxb5 Rd7 18. b4 Nxc4 19. Qxc4 Qb7 20. Bh3 Rdd8 21.
Qc6 Qa6 22. Nc7 Qxa2 23. Ra1 Qe2 24. Nxe8 Rxe8 25. Rxa7 h5 26. Bg5 1-0

[Event "SR 3. liga A2 2013/2014"]
[Site "?"]
[Date "2014.02.16"]
[Round "9.6"]
[White "Kanka, Tomas"]
[Black "Vagovsky, Jozef"]
[Result "0-1"]
[WhiteElo "1688"]
[BlackElo "1930"]
[PlyCount "84"]
[EventDate "2013.??.??"]

1. e4 e6 2. Nf3 d5 3. exd5 exd5 4. d4 c5 5. Bb5+ Nc6 6. O-O Bd6 7. dxc5 Bxc5 8.
Nc3 Nge7 9. Re1 O-O 10. Bg5 f6 11. Bh4 Bg4 12. h3 Bh5 13. Na4 Bd6 14. Nc3 Kh8
15. Be2 Bf7 16. a3 a6 17. Qd2 Qc7 18. Rad1 Rad8 19. Kh1 Bf4 20. Bg3 Bxg3 21.
fxg3 Qxg3 22. b4 b5 23. Bd3 Bh5 24. Ne2 Qf2 25. Rf1 Qb6 26. Nf4 Bf7 27. Qe1 Rd6
28. Qh4 f5 29. Rde1 Ng6 30. Nxg6+ Bxg6 31. g4 Qd8 32. Ng5 h6 33. gxf5 Qxg5 34.
Qxg5 hxg5 35. fxg6 Kg8 36. Rg1 Nd4 37. Re7 Rdf6 38. Rxg5 Nf5 39. Re5 Nh4 40.
Rxd5 Rf2 41. Rd6 Re8 42. Rxa6 Nf3 0-1

[Event "SR 3. liga A2 2013/2014"]
[Site "?"]
[Date "2014.02.16"]
[Round "9.6"]
[White "Markuliak, Mario"]
[Black "Kastler, Peter"]
[Result "1/2-1/2"]
[WhiteElo "1819"]
[BlackElo "1710"]
[PlyCount "34"]
[EventDate "2013.??.??"]

1. c4 c6 2. Nc3 d5 3. cxd5 cxd5 4. d4 e6 5. Nf3 Nf6 6. Bg5 Be7 7. e3 Nc6 8. Bb5
Bd7 9. O-O O-O 10. Rc1 Rc8 11. Qd2 a6 12. Bd3 h6 13. Bf4 Nh5 14. Bg3 Nxg3 15.
fxg3 f5 16. Qf2 Bf6 17. Nh4 Bxh4 1/2-1/2

[Event "SR 3. liga A2 2013/2014"]
[Site "?"]
[Date "2014.02.16"]
[Round "9.6"]
[White "Papanek, Lubomir"]
[Black "Vlkovic, Pavol"]
[Result "0-1"]
[WhiteElo "1635"]
[BlackElo "1819"]
[PlyCount "67"]
[EventDate "2013.??.??"]

1. d4 g6 2. c4 Bg7 3. e3 Nf6 4. Nf3 d6 5. Bd3 O-O 6. O-O a5 7. Nc3 c6 8. Re1
Na6 9. e4 Qc7 10. Be3 e5 11. Qd2 Ng4 12. h3 Nxe3 13. fxe3 Qe7 14. a3 Rb8 15.
Rad1 g5 16. Ne2 g4 17. hxg4 Bxg4 18. Nh2 Bh5 19. Rb1 Qg5 20. Nf1 Bxe2 21. Bxe2
exd4 22. exd4 Qxd2 23. Nxd2 Bxd4+ 24. Kh2 Rbe8 25. Bd3 Re6 26. g3 Kh8 27. b4 a4
28. Rh1 Rg8 29. Kg2 Be5 30. Rh3 Reg6 31. Nf1 Nc7 32. c5 Ne6 33. Kh2 Nf4 34. Rh5
0-1

[Event "SR 3. liga A2 2013/2014"]
[Site "?"]
[Date "2014.03.02"]
[Round "10.1"]
[White "Zarecky, Eduard"]
[Black "Veselsky, Jozef"]
[Result "0-1"]
[WhiteElo "1903"]
[BlackElo "2160"]
[PlyCount "82"]
[EventDate "2013.??.??"]

1. d4 d5 2. c4 e6 3. Nc3 Nf6 4. e3 b6 5. a3 Bb7 6. Nf3 Be7 7. b4 O-O 8. Bb2 c5
9. dxc5 bxc5 10. b5 a6 11. a4 Nbd7 12. Be2 dxc4 13. Bxc4 Nb6 14. Be2 Nbd5 15.
O-O Qc7 16. Qc2 Nb4 17. Qb3 Ng4 18. h3 Ne5 19. e4 c4 20. Qd1 Rfd8 21. Nd2 Ned3
22. Bxd3 Rxd3 23. Qe2 Bf6 24. Rac1 Bg5 25. Ncb1 Rad8 26. f4 Bxf4 27. Qg4 Be3+
28. Kh1 f5 29. Rxc4 fxg4 30. Rxc7 R8d7 31. Rxd7 Rxd7 32. Nc4 Bc5 33. Ne5 Rd8
34. Nxg4 Bxe4 35. Nc3 Ba8 36. Rd1 Rf8 37. Ne2 h5 38. Rd7 Rf1+ 39. Kh2 hxg4 40.
Rd8+ Rf8 41. Rd7 Rf2 0-1

[Event "SR 3. liga A2 2013/2014"]
[Site "?"]
[Date "2014.03.02"]
[Round "10.1"]
[White "Pribila, Gerhard"]
[Black "Bango, Lukas"]
[Result "1-0"]
[WhiteElo "2076"]
[BlackElo "1781"]
[PlyCount "87"]
[EventDate "2013.??.??"]

1. e4 c5 2. c3 Nf6 3. e5 Nd5 4. Nf3 d6 5. exd6 Qxd6 6. d4 cxd4 7. Nxd4 Qe5+ 8.
Be2 Bg4 9. O-O Bxe2 10. Qxe2 Qxe2 11. Nxe2 Nc6 12. Nf4 Nxf4 13. Bxf4 e5 14. Re1
f6 15. Be3 Rd8 16. Nd2 Kf7 17. Nb3 b6 18. Rad1 Be7 19. f3 Rxd1 20. Rxd1 Rd8 21.
Rxd8 Nxd8 22. Kf2 Ke6 23. Ke2 Kd5 24. Kd3 Nb7 25. g4 Nc5+ 26. Nxc5 bxc5 27. c4+
Kd6 28. Bd2 g6 29. a3 f5 30. h3 h5 31. gxh5 gxh5 32. b4 Kc6 33. b5+ Kd6 34. a4
Bd8 35. a5 Bc7 $11 36. Bc3 Bd8 37. Ke3 Bg5+ 38. Kf2 Bd8 39. Kg3 h4+ 40. Kf2 Ke6
41. b6 a6 42. f4 e4 43. Be5 Kd7 44. b7 1-0

[Event "SR 3. liga A2 2013/2014"]
[Site "?"]
[Date "2014.03.02"]
[Round "10.1"]
[White "Slobodnik, Michal"]
[Black "Ambros, Rafael"]
[Result "1-0"]
[WhiteElo "1891"]
[BlackElo "2009"]
[PlyCount "47"]
[EventDate "2013.??.??"]

1. e4 c5 2. d4 cxd4 3. c3 dxc3 4. Nxc3 Nc6 5. Nf3 e6 6. Bc4 Nf6 7. e5 Ng4 8.
Bf4 Bc5 9. O-O Qc7 10. Qe2 a6 11. h3 Nh6 12. Ne4 Be7 13. Rac1 Qb8 14. Rfd1 b5
15. Bb3 Nf5 16. g4 Nh6 17. Bg5 Nxe5 18. Rxc8+ Qxc8 19. Nxe5 Bxg5 20. Nd6+ Ke7
21. Nxc8+ Raxc8 22. Rxd7+ Kf6 23. Nxf7 Rhe8 24. Qe5+ 1-0

[Event "SR 3. liga A2 2013/2014"]
[Site "?"]
[Date "2014.03.02"]
[Round "10.1"]
[White "Kocak, Branislav"]
[Black "Horecky, Peter"]
[Result "1-0"]
[WhiteElo "1912"]
[BlackElo "1697"]
[PlyCount "81"]
[EventDate "2013.??.??"]

1. d4 e6 2. Nf3 Nf6 3. Bf4 d5 4. e3 Bd6 5. Bg3 O-O 6. Bd3 b6 7. Nbd2 Nbd7 8.
Ne5 Bb7 9. c3 Qe7 10. Nxd7 Nxd7 11. Nf3 e5 12. dxe5 Nxe5 13. Nxe5 Bxe5 14. Qh5
g6 15. Qxe5 Qxe5 16. Bxe5 c5 17. O-O f6 18. Bg3 Rad8 19. Rad1 Kg7 20. Rfe1 Rfe8
21. h4 f5 22. h5 Kf6 23. f4 Kg7 24. Kf2 Re6 25. Be2 h6 26. hxg6 Rxg6 27. Bf3
Rd7 28. c4 Rgd6 29. cxd5 Bxd5 30. Bxd5 Rxd5 31. Rxd5 Rxd5 32. Ke2 Kf6 33. Rd1
Ke6 34. Rxd5 Kxd5 35. Kd3 b5 36. b3 h5 37. Be1 c4+ 38. bxc4+ bxc4+ 39. Kc3 Kc5
40. e4 fxe4 41. Bf2+ 1-0

[Event "SR 3. liga A2 2013/2014"]
[Site "?"]
[Date "2014.03.02"]
[Round "10.1"]
[White "Rau, Vladimir"]
[Black "Jozefovic, Milan"]
[Result "0-1"]
[WhiteElo "1637"]
[BlackElo "1900"]
[PlyCount "120"]
[EventDate "2013.??.??"]

1. d4 d5 2. c4 e6 3. Nf3 Nf6 4. Nc3 Be7 5. Bg5 c6 6. e3 h6 7. Bxf6 Bxf6 8. Bd3
Nd7 9. O-O O-O 10. c5 e5 11. dxe5 Nxe5 12. Nxe5 Bxe5 13. Rc1 Qa5 14. Na4 Bd7
15. a3 b5 16. cxb6 axb6 17. Nc3 b5 18. Qf3 b4 19. axb4 Qxb4 20. Rc2 Bg4 21.
Nxd5 cxd5 22. Qxd5 Qd6 23. Qe4 f5 24. Qc4+ Kh8 25. h3 Bh5 26. Rfc1 Bf7 27. Qc5
Qxc5 28. Rxc5 Bxb2 29. R1c2 Ra1+ 30. Kh2 Ba3 31. Rxf5 Bd6+ 32. f4 g6 33. Rf6
Be7 34. Rfc6 Kg7 35. e4 Rd1 36. Be2 Rd4 37. Bf3 Rfd8 38. e5 Rxf4 39. Rc7 Kf8
40. Ra7 Rc4 41. Re2 Bd5 42. Bxd5 Rxd5 43. e6 Rc6 44. Ra8+ Kg7 45. Ra7 Kf6 46.
Rf2+ Rf5 47. Rd2 Rxe6 48. g4 Rfe5 49. Rf2+ Kg5 50. Raa2 Bc5 51. Rfc2 Be3 52.
Kg2 Kh4 53. Rc4 Bg5 54. Rcc2 Re3 55. Rcb2 Rg3+ 56. Kf2 Rxh3 57. Kg2 Rg3+ 58.
Kf2 Rf6+ 59. Ke1 Kxg4 60. Rh2 h5 0-1

[Event "SR 3. liga A2 2013/2014"]
[Site "?"]
[Date "2014.03.02"]
[Round "10.1"]
[White "Brunovsky, Peter"]
[Black "Vagovic, Milan"]
[Result "1-0"]
[WhiteElo "1829"]
[BlackElo "1702"]
[PlyCount "94"]
[EventDate "2013.??.??"]

1. d4 Nf6 2. Nf3 e6 3. Bf4 b6 4. e3 Bb7 5. Bd3 Be7 6. Nbd2 O-O 7. O-O c5 8. c3
d5 9. Re1 Bd6 10. Ne5 Qc7 11. Rc1 c4 12. Bc2 b5 13. a3 Re8 14. Bg3 Nc6 15. f4
a5 16. Ra1 b4 17. Bh4 Be7 18. Bxf6 Bxf6 19. Ndf3 b3 20. Bb1 g6 21. g4 Ne7 22.
Kh1 Bg7 23. g5 f6 24. gxf6 Bxf6 25. Rg1 Nf5 26. Bxf5 exf5 27. Qf1 Re7 28. Qh3
Rg7 29. Rg3 Qe7 30. Rag1 a4 31. Qh6 Ra6 32. Ng5 Bxg5 33. Rxg5 Rf6 34. h4 Bc6
35. Kg2 Be8 36. Kf2 Qb7 37. h5 Qe7 38. R1g3 Bf7 39. Rh3 Qe6 40. Rg1 Be8 41. Qg5
Qb6 42. Qg2 Qe6 43. Rg3 Kh8 44. Qh1 Kg8 45. R1g2 Bf7 46. h6 Be8 47. hxg7 Kxg7
1-0

[Event "SR 3. liga A2 2013/2014"]
[Site "?"]
[Date "2014.03.02"]
[Round "10.1"]
[White "Capanda, Jan"]
[Black "Valla, Tomas"]
[Result "1-0"]
[WhiteElo "1466"]
[BlackElo "1814"]
[PlyCount "81"]
[EventDate "2013.??.??"]

1. e4 c5 2. Nf3 g6 3. Bc4 Bg7 4. a3 Nc6 5. d3 Nf6 6. h3 d6 7. Nc3 a6 8. O-O O-O
9. Rb1 b5 10. Ba2 Nd7 11. Nh2 e6 12. f4 Nd4 13. Ne2 Nxe2+ 14. Qxe2 Nb6 15. c3
d5 16. e5 Qd7 17. Be3 Qc6 18. Qf2 Nd7 19. h4 h6 20. Nf3 Bb7 21. d4 Rac8 22.
Rbc1 a5 23. h5 Kh7 24. Bb1 Rg8 25. Nh4 Bh8 26. hxg6+ fxg6 27. f5 exf5 28. Nxf5
Rcf8 29. Qh4 gxf5 30. Rxf5 Rxf5 31. Bxf5+ Rg6 32. Qxh6+ Kg8 33. Qxg6+ Qxg6 34.
Bxg6 Nf8 35. Be8 b4 36. Rf1 cxd4 37. cxd4 bxa3 38. bxa3 Ba6 39. Rf2 Bc8 40.
Bf7+ Kg7 41. Bxd5 1-0

[Event "SR 3. liga A2 2013/2014"]
[Site "?"]
[Date "2014.03.02"]
[Round "10.1"]
[White "Zajicek, Ferdinand"]
[Black "Bango, Dominik"]
[Result "1-0"]
[WhiteElo "1823"]
[BlackElo "1498"]
[PlyCount "93"]
[EventDate "2013.??.??"]

1. e4 e5 2. Nf3 Nc6 3. Bc4 Bc5 4. d3 d6 5. Ng5 Nh6 6. h3 O-O 7. a3 a5 8. Nc3
Qf6 9. Qf3 Qxf3 10. Nxf3 Be6 11. Nd5 Bb6 12. g4 Kh8 13. Bxh6 gxh6 14. c3 a4 15.
Ke2 Na5 16. Nxb6 cxb6 17. Ba2 Bb3 18. Nd2 Rad8 19. Bxb3 Nxb3 20. Nxb3 axb3 21.
a4 d5 22. Ra3 dxe4 23. dxe4 Ra8 24. Rha1 Ra6 25. Rxb3 Rfa8 26. Rb4 Kg7 27. b3
Kg6 28. h4 h5 29. g5 h6 30. gxh6 Kxh6 31. Rd1 Rc8 32. Rd6+ Kg7 33. c4 Rc6 34.
Rd7 Ra7 35. Rb5 Re6 36. Rbd5 Kf6 37. R7d6 Ra5 38. Rd7 Rxd5 39. cxd5 Re7 40.
Rd6+ Kg7 41. Rxb6 f6 42. d6 Rd7 43. Kd3 Kg6 44. f3 f5 45. Kc4 Kf6 46. Kd5 fxe4
47. fxe4 1-0

[Event "SR 3. liga A2 2013/2014"]
[Site "?"]
[Date "2014.03.02"]
[Round "10.2"]
[White "Szucs, Vladimir"]
[Black "Liptak, Tomas"]
[Result "1/2-1/2"]
[WhiteElo "2248"]
[BlackElo "2108"]
[PlyCount "43"]
[EventDate "2013.??.??"]

1. d4 Nf6 2. c4 g6 3. Nc3 Bg7 4. e4 d6 5. f3 O-O 6. Be3 a6 7. Qd2 Nbd7 8. Bd3
c6 9. Nge2 b5 10. O-O Bb7 11. Rac1 Rc8 12. b4 e5 13. a4 bxc4 14. Bxc4 d5 15.
Bd3 Re8 16. Rfe1 exd4 17. Bxd4 Ne5 18. exd5 Nxd5 19. Nxd5 cxd5 20. Bc5 Qd7 21.
a5 h5 22. Rcd1 1/2-1/2

[Event "SR 3. liga A2 2013/2014"]
[Site "?"]
[Date "2014.03.02"]
[Round "10.2"]
[White "Liptak, Dusan"]
[Black "Sekera, Branislav"]
[Result "1/2-1/2"]
[WhiteElo "2108"]
[BlackElo "2171"]
[PlyCount "109"]
[EventDate "2013.??.??"]

1. d4 d5 2. Nf3 Nf6 3. c4 dxc4 4. e3 e6 5. Nc3 a6 6. a4 Nc6 7. Bxc4 Bb4 8. O-O
Qe7 9. Qe2 Na5 10. Ba2 Bd7 11. Ne5 Nc6 12. Nxd7 Qxd7 13. Rd1 Rd8 14. Bd2 O-O
15. Be1 Qe7 16. Rac1 Nb8 17. e4 e5 18. d5 Ne8 19. f3 Kh8 20. Bg3 Nd7 21. Kh1 h6
22. Rc2 Ndf6 23. Bf2 Nh5 24. Qe3 Ra8 25. Bb3 Nf4 26. Ne2 Nxe2 27. Qxe2 Bd6 28.
Bc4 g6 29. Qe3 Kg7 30. Qb3 b6 31. a5 b5 32. Bf1 f5 33. exf5 gxf5 34. Qc3 Kg8
35. Qc6 Nf6 36. Bd3 e4 37. Re1 Qh7 38. fxe4 fxe4 39. Bf1 Qf5 40. Bg1 Qh5 41.
Be2 Qh4 42. Rf1 Ng4 43. Rxf8+ Rxf8 44. Bxg4 Qxg4 45. Rf2 Rxf2 46. Bxf2 Qh5 47.
g3 e3 48. Be1 Qf3+ 49. Kg1 e2 50. Qe8+ Kh7 51. Qd7+ Kg6 52. Qe6+ Kh7 53. Qd7+
Kg8 54. Qe6+ Kh7 55. Qd7+ 1/2-1/2

[Event "SR 3. liga A2 2013/2014"]
[Site "?"]
[Date "2014.03.02"]
[Round "10.2"]
[White "Kavon, Rastislav"]
[Black "Kovacocy, Pavel"]
[Result "1-0"]
[WhiteElo "2026"]
[BlackElo "2198"]
[PlyCount "69"]
[EventDate "2013.??.??"]

1. e4 g6 2. d4 Bg7 3. Nc3 d6 4. f4 e6 5. Nf3 Ne7 6. Be3 a6 7. Qd2 Nd7 8. O-O-O
b5 9. h4 h5 10. Ng5 Nf6 11. Bd3 Ng4 12. Bg1 Bd7 13. Re1 b4 14. Nd1 c5 15. dxc5
Qa5 16. cxd6 Nc6 17. Kb1 O-O 18. e5 Na7 19. Bxa7 Rxa7 20. Ne3 Nxe3 21. Qxe3 Rb7
22. g4 Bc6 23. Be4 b3 24. axb3 Bxe4 25. Nxe4 Qb4 26. gxh5 a5 27. h6 Bxh6 28. h5
a4 29. hxg6 axb3 30. cxb3 Bg7 31. Nf6+ Bxf6 32. exf6 Rfb8 33. Rh8+ Kxh8 34.
Qh3+ Kg8 35. Qh7+ 1-0

[Event "SR 3. liga A2 2013/2014"]
[Site "?"]
[Date "2014.03.02"]
[Round "10.2"]
[White "Machalova, Erika"]
[Black "Jablonicky, Martin"]
[Result "1/2-1/2"]
[WhiteElo "2096"]
[BlackElo "1967"]
[PlyCount "74"]
[EventDate "2013.??.??"]

1. d4 Nf6 2. c4 g6 3. Nc3 d5 4. cxd5 Nxd5 5. e4 Nxc3 6. bxc3 Bg7 7. Be3 c5 8.
Qd2 Qa5 9. Rb1 cxd4 10. cxd4 Qxd2+ 11. Kxd2 O-O 12. Bc4 Nc6 13. Ne2 Rd8 14. Bd5
e6 15. Bxc6 bxc6 16. Rhd1 c5 17. Ke1 cxd4 18. Bxd4 Ba6 19. Bxg7 Kxg7 20. e5
Rac8 21. Rxd8 Rxd8 22. Rb4 Bxe2 23. Kxe2 Rd5 24. f4 Ra5 25. a4 g5 26. Kf3 gxf4
27. Kxf4 f6 28. exf6+ Kxf6 29. Kf3 h5 30. Rh4 Rc5 31. Rd4 Rc3+ 32. Ke4 Rc2 33.
Kf3 Ra2 34. Rh4 Ra3+ 35. Kf2 Kg6 36. Re4 Kf5 37. Rh4 Kg5 1/2-1/2